Midget Submarine /

Serie que, como lo anuncia su título, reconstruye la violencia que había atravesado al siglo XX hasta el momento de aparición de la obra. Reconstrucción estructurada a partir de números monográficos que dan cuenta de los líderes y protagonistas históricos de los hechos y de las grandes campañas, bat...

Fuld beskrivelse

Guardado en:
Bibliografiske detaljer
Hovedforfatter: Waldron, Thomas John (autor)
Andre forfattere: Gleeson, James Joseph (autor) (autor)
Format: Bog
Sprog:engelsk
Udgivet: Nueva York, EUA : Ballantine Books, 1975, c1975
Serier:(Ballantine's Illustrated History of the Violent Century. Weapons Book ; 42)
Fag:
Tags: Tilføj Tag
Ingen Tags, Vær først til at tagge denne postø!

MARC

LEADER 00000nam^a2200000^a^4500
001 000187328
005 20250521000000.0
009 20260310102258.049
037 |a Acervo ITESO - Biblioteca 
041 |a ING 
082 |a 909. 82  |b BAL WEA V. 42 
100 |a Waldron, Thomas John  |e (autor) 
240 1 1 |a [Historia del siglo de la violencia] 
240 1 1 |a [Historia del siglo de la violencia: armas] 
240 1 1 |a [Ballantine's Illustrated History of the Violent Century] 
240 1 1 |a [Ballantine's Illustrated History of the Violent Century: War Leader] 
245 1 0 |a Midget Submarine /  |c T.J. Waldron, J.J. Gleeson. 
264 4 |a Nueva York, EUA :  |b Ballantine Books,  |c 1975, c1975 
300 |a 159 p. 
336 |a texto  |b txt  |2 rdacontenido 
337 |a sin mediación  |b n  |2 rdamedio 
338 |a volumen  |b nc  |2 rdasoporte 
440 1 |a (Ballantine's Illustrated History of the Violent Century.  |p Weapons Book ;  |v 42) 
520 |a Serie que, como lo anuncia su título, reconstruye la violencia que había atravesado al siglo XX hasta el momento de aparición de la obra. Reconstrucción estructurada a partir de números monográficos que dan cuenta de los líderes y protagonistas históricos de los hechos y de las grandes campañas, batallas y acciones que caracterizaron a las diversas contiendas. 
649 |a XX 
650 |a Submarinos -  |x Historia 
650 |a Barcos de Guerra -  |x Historia 
650 |a Guerra Submarina -  |x Historia 
650 |a Guerra Mundial (Segunda), 1939-1945 -  |x Tema Principal 
650 |a Guerra Mundial (Segunda), 1939-1945 -  |x Historia -  |x Operaciones Navales -  |x Tema Principal 
650 |a Guerra y Paz -  |x Historia -  |y Siglo XX 
650 |a Violencia Política -  |x Historia -  |y Siglo XX 
650 |a Europa -  |x Historia -  |y 1939-1945 
650 |a Europa -  |x Historia -  |y Siglo XX 
650 |a Historia Moderna -  |y Siglo XX 
650 |a Historia Universal 
700 |a Gleeson, James Joseph  |e (autor) 
910 |a Fondo General 
920 |a Impresos - Libros 
930 |a Colección General 
905 |a 101 
901 |a 0500129433  |b IT1  |c ACC  |u 20250521 
902 |a https://opac.biblio.iteso.mx/vufind/Record/000187328